Statistics for Guess the sub-division

Click here to take the quiz!

General Stats

  • This quiz has been taken 16 times
  • The average score is 12 of 15

Answer Stats

HintAnswer% Correct
The United States bought this territory ( now state ) from the Russian EmpireAlaska
94%
Allied troops stormed this area of France in 1944Normandy
94%
In 1995, a referendum was held to decide if this Canadian province should become independent or notQuebec
94%
Largest island in ItalySicily
94%
Barcelona is its largest cityCatalonia
88%
Kingdom inside of the United Kingdom, bordering IrelandNorthern Ireland
88%
Where Melbourne is locatedVictoria
88%
The first state in the United StatesDelaware
81%
Former kingdom, annexed by the United States in the late 1800'sHawaii
81%
Annexed by China in 1950Tibet
81%
Brazilian state named after the AmazonAmazonas
63%
Westernmost Spanish autonomous community on the Iberian peninsulaGalicia
63%
The other oneAcre
50%
Brazilian state with 4 lettersPara
50%
Westernmost province in PakistanBalochistan
44%

Score Distribution

Percentile by Number Answered

Percent of People with Each Score

Your Score History

You have not taken this quiz